{"text_format":"3","workbook":"xlsx","n_sheets":3,"sheets":["封面","汇总表","室外安装"],"not_rendered":{"defined_names":2},"read":"whole","date_system":"1900"}

{"sheet":"封面","index":0,"n_rows":8,"n_cols":7,"rows_kept":8,"merged":[[0,0,0,7],[1,0,3,7],[4,0,4,1],[4,2,4,5],[5,0,5,1],[5,2,5,5],[6,0,6,6],[7,0,7,1],[7,2,7,5],[8,0,8,6]]}
["\n城北驾校公交首末站项目室外安装专业工程分包\n"]
["招标控制价"]
[]
[]
["      报价单位：",{"$nulls":5},"(单位盖公章)"]
["法定代表人：",{"$nulls":5},"(签字或盖章)"]
[]
["   编制时间："]

{"sheet":"汇总表","index":1,"n_rows":12,"n_cols":7,"rows_kept":12,"merged":[[0,0,0,6],[1,0,1,6],[2,2,2,5],[3,0,4,0],[3,1,4,1],[3,2,3,4],[4,2,4,4],[5,4,5,5],[6,0,6,6]]}
[{"$f":"封面!A1","v":"\n城北驾校公交首末站项目室外安装专业工程分包\n"}]
["招标控制价汇总表"]
["序号","项目","招标控制价（元）\n",{"$nulls":3},"备注"]
[1,"室外安装专业工程","含税总价",null,null,"不含税总价"]
[null,null,{"$f":"室外安装!J39","v":{"v":378944.39627011085,"d":"378,944.40"}},null,null,{"$f":"室外安装!I39","v":{"v":347655.4094221201,"d":"347,655.41"}}]
[2,"其中报价（增值税）","税率",{"v":0.09,"d":"9%"},{"$f":"C5/(1+D6)*D6","v":{"v":31288.9868479908,"d":"31288.99"}},null,"税率由投标单位根据自身情况自身填报，后期开票税率应与填报税率一致"]
[]
["投标单位（签章）："]
[]
["法定代表人或授权委托人："]
[]
["日期："]

{"sheet":"室外安装","index":2,"n_rows":39,"n_cols":11,"rows_kept":39,"merged":[[0,0,0,10],[1,0,1,10],[2,0,3,0],[2,1,3,1],[2,2,3,2],[2,3,3,3],[2,4,3,4],[2,5,3,5],[2,7,3,7],[2,8,3,8],[2,9,3,9],[2,10,3,10],[4,1,4,2],[4,10,20,10],[5,0,5,2],[15,0,15,2],[21,0,21,2],[26,0,26,2],[38,1,38,5]]}
["城北驾校公交首末站项目室外安装专业工程分包"]
["招标控制价清单"]
["序号","分部分项工程","工程项目特征","计量单位","工程量   ","综合单价\n（元，不含税）","税金","综合单价\n（元，含税）","合价（不含税）","合价(含税)","备注"]
[{"$nulls":6},{"v":0.09,"d":"9.00%"}]
["一","城北驾校公交首末站室外安装",{"$nulls":8},"工程量清单编制说明\n一、招标范围：总承包合同、施工图纸范围内、招标人要求的室外配套工程，包括但不限于室外强电系统、给水系统、排水系统、雨水系统等包工期、包质量、包安全、包人工、包材料、包机械、包测量等）及工程量清单、设计变更、业主要求增加、工程联系单等要求的工作内容。投标人一旦中标，必须负责承包范围内所有工程的施工、验收、决算、保修等全部实施过程，同时也负责所在施工区域的文明施工及安全保护措施。\n二、编制依据：\n1、城北驾校公交首末站项目图纸\n2、《建设工程工程量清单计价规范》GB50500－2013，2018版《安徽省建设工程工程量清单计价办法》（建筑工程、装饰装修工程、安装工程、市政工程、景观园林工程）\n三：清单编制说明：\n1、工程量清单列出的每个细目已包括涉及与该细目有关的全部工程内容，投标人须自行综合考虑，投标人应将工程量清单与招标文件、合同通用条款、专用条款以及技术规范和会议纪要文件一起对照阅读。\n2、投标人必须注意，投标时所报的综合单价须是包含完成清单分项工程的所有工作内容及所需采取相应技术措施、施工方案等费用的报价。\n3、投标人须认真阅读与项目有关的招标文件、会议纪要文件等，并通过现场勘查，考虑周边环境及施工期间可能出现的事宜，确定其各项可能产生的费用，且已包含在投标报价中，工程结算时不再调整该部分的费用。\n4、措施项目费：清单所列项目仅供参考，投标人应根据其自行编制的施工组织设计文件，结合企业的技术装备情况，自行确定措施项目，但投标人必须是对施工现场实际勘察后结合工程经验，对所有的措施项目作出措施报价，没有报价的，视为已含在其他项目的报价中。一旦中标，措施项目费用不再调整。\n5、投标人应填写工程量清单中所有工程细目的价格，凡技术规范和图纸中注明的工程内容，如在清单中未列项，均应视为包含中其它相关项目中。\n6、投标人对工程量清单有任何疑问，应于招标文件规定的疑问提交截止日前提出，否则视为投标人认可该工程量清单已包括了招标范围的全部内容。\n\n\n\n7、清单描述不明确的，以会议纪要文件和相关施工验收规范、图集为准；清单与会议纪要文件标准不一致的，以业主要求为准。\n8、投标单位自行勘察现场，满足业主及工程规范要求。"]
["强电系统"]
[1,"配电箱","1、名称：配电箱JGAL\n2、规格：详见招标图纸\n3、安装方式：距地1米安装\n4、具体详见图纸、图集、答疑、招标文件、政府相关文件、规范等其他资料，满足验收要求\n5、成套箱体安装","台",1,{"v":3925.016919,"d":"3925.02"},{"$f":"F7*$G$4","v":{"v":353.25152271,"d":"353.25"}},{"$f":"F7+G7","v":{"v":4278.26844171,"d":"4278.27"}},{"$f":"E7*F7","v":{"v":3925.016919,"d":"3925.02"}},{"$f":"E7*H7","v":{"v":4278.26844171,"d":"4278.27"}}]
[2,"配管","1、名称：电气配管\n2、材质：焊接钢管\n3、规格：SC50\n4、配置要求：暗配","m",291,{"v":24.701823,"d":"24.70"},{"v":2.22316407,"d":"2.22"},{"$f":"F8+G8","v":{"v":26.92498707,"d":"26.92"}},{"$f":"E8*F8","v":{"v":7188.230493,"d":"7188.23"}},{"$f":"E8*H8","v":{"v":7835.17123737,"d":"7835.17"}}]
[3,"电缆保护管","1、名称：电缆保护管\n2、材质：焊接钢管\n3、规格：DN100\n4、敷设方式：埋地","m",360,{"v":40.220361,"d":"40.22"},{"v":3.6198324899999994,"d":"3.62"},{"v":43.84019349,"d":"43.84"},{"v":14479.32996,"d":"14479.33"},{"v":15782.469656399999,"d":"15782.47"}]
[4,"电力电缆","1、名称：电力电缆\n2、型号：YJV22\n3、规格：3*6\n4、材质：铜芯\n5、敷设方式、部位：暗装\n6、电压等级：500V","m",95,{"v":14.863167,"d":"14.86"},{"v":1.33768503,"d":"1.34"},{"v":16.20085203,"d":"16.20"},{"v":1412.000865,"d":"1412.00"},{"v":1539.08094285,"d":"1539.08"}]
[5,"电力电缆","1、名称：电力电缆\n2、型号：YJV22\n3、规格：5*6\n4、材质：铜芯\n5、敷设方式、部位：暗装\n6、电压等级：500V","m",520,{"v":21.0366,"d":"21.04"},{"v":1.893294,"d":"1.89"},{"v":22.929894,"d":"22.93"},{"v":10939.032,"d":"10939.03"},{"v":11923.544880000001,"d":"11923.54"}]
[6,"电力电缆头","1、名称：电缆头\n2、型号：10m2以内\n3、电压等级（kV)：1kv","个",10,{"v":86.322879,"d":"86.32"},{"v":7.76905911,"d":"7.77"},{"v":94.09193811,"d":"94.09"},{"v":863.22879,"d":"863.23"},{"v":940.9193811,"d":"940.92"}]
[7,"中杆灯","1、名称：中杆灯\n2、灯杆材质及高度：LED\n3、灯架的型号、规格：详见施工图纸","套",5,{"v":2345.508081,"d":"2345.51"},{"v":211.09572728999999,"d":"211.10"},{"v":2556.60380829,"d":"2556.60"},{"v":11727.540405,"d":"11727.54"},{"v":12783.01904145,"d":"12783.02"}]
[8,"插座","1、名称：防水插座\n2、型号：250V  10A\n3、安装方式：暗装","个",8,{"v":21.886155,"d":"21.89"},{"v":1.9697539499999999,"d":"1.97"},{"v":23.85590895,"d":"23.86"},{"v":175.08924,"d":"175.09"},{"v":190.8472716,"d":"190.85"}]
[9,"电缆井","1、垫层、基础材质及厚度：详见施工图纸设计","座",6,{"v":1902.970836,"d":"1902.97"},{"v":171.26737523999998,"d":"171.27"},{"v":2074.23821124,"d":"2074.24"},{"v":11417.825015999999,"d":"11417.83"},{"v":12445.42926744,"d":"12445.43"}]
["给水系统"]
[10,"复合管","1、名称：钢丝网骨架复合管\n2、安装部位：室外\n3、介质：冷水\n4、规格、压力等级：DN65\n5、连接形式：电熔\n6、压力试验及吹洗设计要求：压力试验、消毒冲洗","m",16.01,{"v":78.450336,"d":"78.45"},{"v":7.060530239999999,"d":"7.06"},{"v":85.51086624,"d":"85.51"},{"v":1255.98987936,"d":"1255.99"},{"v":1369.0289685024002,"d":"1369.03"}]
[11,"复合管","1、名称：钢丝网骨架复合管\n2、安装部位：室外\n3、介质：冷水\n4、规格、压力等级：DN100\n5、连接形式：电熔\n6、压力试验及吹洗设计要求：压力试验、消毒冲洗","m",182,{"v":106.008282,"d":"106.01"},{"v":9.540745379999999,"d":"9.54"},{"v":115.54902738,"d":"115.55"},{"v":19293.507324,"d":"19293.51"},{"v":21029.92298316,"d":"21029.92"}]
[12,"焊接法兰阀门","1、类型：闸阀\n2、规格、压力等级：DN100\n3、焊接方法：法兰连接","个",2,{"v":368.472231,"d":"368.47"},{"v":33.16250079,"d":"33.16"},{"v":401.63473179000005,"d":"401.63"},{"v":736.944462,"d":"736.94"},{"v":803.2694635800001,"d":"803.27"}]
[13,"砌筑检查井","1、名称：水表井\n2、砌筑材料品种、规格、强度等级：详见招标图纸","座",2,{"v":5888.095794,"d":"5888.10"},{"v":529.9286214599999,"d":"529.93"},{"v":6418.02441546,"d":"6418.02"},{"v":11776.191588,"d":"11776.19"},{"v":12836.04883092,"d":"12836.05"}]
[14,"倒流防止器","1、名称：倒流防止器\n2、规格：DN150，带水表\n3、连接形式：法兰","个",1,{"v":3888.69642,"d":"3888.70"},{"v":349.98267780000003,"d":"349.98"},{"v":4238.6790978,"d":"4238.68"},{"v":3888.69642,"d":"3888.70"},{"v":4238.6790978,"d":"4238.68"}]
["排水系统",{"$nulls":5},{"v":0,"d":"0.00"},{"v":0,"d":"0.00"},{"v":0,"d":"0.00"},{"v":0,"d":"0.00"}]
[15,"塑料管","1、名称：U-PVC管\n2、介质：污水\n3、规格、压力等级：DN150","m",4,{"v":35.325306,"d":"35.33"},{"v":3.1792775399999997,"d":"3.18"},{"v":38.50458354,"d":"38.50"},{"v":141.301224,"d":"141.30"},{"v":154.01833416,"d":"154.02"}]
[16,"塑料管铺设","1、管道材质：HDPE双壁波纹管\n2、连接方式：承插\n3、管径：DN300","m",80,{"v":59.63067,"d":"59.63"},{"v":5.3667603,"d":"5.37"},{"v":64.9974303,"d":"65.00"},{"v":4770.4536,"d":"4770.45"},{"v":5199.794424000001,"d":"5199.79"}]
[17,"砌筑检查井","1、名称：污水检查井\n2、砌筑材料品种、规格、强度等级：详见招标图纸","座",5,{"v":1773.086013,"d":"1773.09"},{"v":159.57774117,"d":"159.58"},{"v":1932.6637541700002,"d":"1932.66"},{"v":8865.430065,"d":"8865.43"},{"v":9663.31877085,"d":"9663.32"}]
[18,"给、排水附（配）件","1、材质：网框斜排式地漏\n2、型号、规格：DN150","个",1,{"v":104.090715,"d":"104.09"},{"v":9.36816435,"d":"9.37"},{"v":113.45887935,"d":"113.46"},{"v":104.090715,"d":"104.09"},{"v":113.45887935,"d":"113.46"}]
["其他工程"]
[24,"室外消火栓","1、安装方式：地上式\n2、型号、规格：SSF100/65-1.0","套",1,{"v":520.995672,"d":"521.00"},{"v":46.88961048,"d":"46.89"},{"v":567.88528248,"d":"567.89"},{"v":520.995672,"d":"521.00"},{"v":567.88528248,"d":"567.89"}]
[25,"挖沟槽土方","1、土壤类别：一、二类\n2、挖土深度：2m以内\n3、投标人自行勘察现场、查阅相关资料，充分考虑报价，结算不再做调整","m3",765.96,{"v":2.759031,"d":"2.76"},{"v":0.24831278999999998,"d":"0.25"},{"v":3.0073437899999997,"d":"3.01"},{"v":2113.30738476,"d":"2113.31"},{"v":2303.5050493884,"d":"2303.51"}]
[26,"管道垫层","1、垫层材质及厚度：150mm\n2、商品混凝土强度等级：C20\n","m3",37.74,{"v":673.931848330684,"d":"673.93"},{"v":60.65386634976156,"d":"60.65"},{"v":734.5857146804456,"d":"734.59"},{"v":25434.187956000016,"d":"25434.19"},{"v":27723.264872040018,"d":"27723.26"}]
[27,"带型基础","1、名称：管道外包混凝土至管顶上300mm\n2、混凝土强度等级：C20\n","m3",115.2,{"v":706.578953046875,"d":"706.58"},{"v":63.592105774218744,"d":"63.59"},{"v":770.1710588210938,"d":"770.17"},{"v":81397.895391,"d":"81397.90"},{"v":88723.70597619,"d":"88723.71"}]
[28,"回填级配碎石灌沙","1、密实度要求：见图纸要求\n2、填方材料要求：级配碎石灌沙（砂:石=3:7）\n","m3",409,{"v":217.80972,"d":"217.81"},{"$f":"F32*$G$4","v":{"v":19.6028748,"d":"19.60"}},{"$f":"F32+G32","v":{"v":237.4125948,"d":"237.41"}},{"$f":"E32*F32","v":{"v":89084.17548,"d":"89084.18"}},{"$f":"E32*H32","v":{"v":97101.7512732,"d":"97101.75"}}]
[28,"回填方","1、密实度要求：见图纸要求\n2、填方材料要求：素土回填","m3",200,{"v":11.286945,"d":"11.29"},{"v":1.01582505,"d":"1.02"},{"v":12.30277005,"d":"12.30"},{"v":2257.3889999999997,"d":"2257.39"},{"v":2460.55401,"d":"2460.55"}]
[28,"机械运土方","1、土壤类别：一、二类土\n2、运距：1km内","m3",409,{"v":6.383799,"d":"6.38"},{"v":0.57454191,"d":"0.57"},{"v":6.9583409099999995,"d":"6.96"},{"v":2610.973791,"d":"2610.97"},{"v":2845.96143219,"d":"2845.96"}]
[28,"玻璃钢化粪池","1、名称：玻璃钢化粪池\n2、容积：6m³","套",1,3883.68,{"v":349.53119999999996,"d":"349.53"},{"v":4233.2112,"d":"4233.21"},3883.68,{"v":4233.2112,"d":"4233.21"}]
[28,"隔油池","1、名称：隔油池\n2、容积：详见招标图纸","套",1,{"v":2427.3,"d":"2427.30"},{"$f":"F36*$G$4","v":{"v":218.45700000000002,"d":"218.46"}},{"$f":"F36+G36","v":{"v":2645.757,"d":"2645.76"}},{"$f":"E36*F36","v":{"v":2427.3,"d":"2427.30"}},{"$f":"E36*H36","v":{"v":2645.757,"d":"2645.76"}}]
[28,"大型机械设备进出场及安拆",null,"项",1,{"v":4738.105782,"d":"4738.11"},{"$f":"F37*$G$4","v":{"v":426.42952037999993,"d":"426.43"}},{"$f":"F37+G37","v":{"v":5164.53530238,"d":"5164.54"}},{"$f":"E37*F37","v":{"v":4738.105782,"d":"4738.11"}},{"$f":"E37*H37","v":{"v":5164.53530238,"d":"5164.54"}}]
[28,"维修车间单项","1、按图纸和业主要求","个",1,{"v":20227.5,"d":"20227.50"},{"v":1820.475,"d":"1820.48"},{"v":22047.975,"d":"22047.98"},{"v":20227.5,"d":"20227.50"},{"v":22047.975,"d":"22047.98"}]
[null,"总价(元)",{"$nulls":6},{"$f":"SUM(I6:I38)","v":{"v":347655.4094221201,"d":"347655.41"}},{"$f":"SUM(J5:J38)","v":{"v":378944.39627011085,"d":"378944.40"}}]